000 00535nam a22001697a 4500
008 161012s2006 py||||| |||| 00| 0 spa d
082 0 4 _a701.18
_bM524n
100 1 _aMellado, Justo P.
_95591
245 1 3 _aLa novela de inscripciones de Osvaldo Salerno /
_cJusto P. Mellado.
250 _a1a ed.
260 _aAsunción, Paraguay :
_bCentro de Artes Visuales,
_c2006.
300 _a280 p.
653 1 0 _aArte contemporáneo
653 1 0 _aArte - Crítica e interpreteación
653 1 0 _aArte - Paraguay
653 1 0 _aArtistas paraguayos
999 _c1074
_d1074